[Event "Warsaw YMCA Spring 152nd"]
[Site "Warsaw"]
[Date "2015.06.05"]
[Round "9"]
[White "Sloniewski, Michal"]
[Black "Gajewski, Wojciech"]
[Result "1-0"]
[WhiteElo "1345"]
[BlackElo "1526"]
[PlyCount "75"]
[EventDate "2015.04.09"]
[EventType "tourn"]
[EventRounds "13"]
[EventCountry "POL"]
[SourceTitle "EXT 2017"]
[Source "ChessBase"]
[SourceDate "2016.10.25"]
[SourceVersion "1"]
[SourceVersionDate "2016.10.25"]
[SourceQuality "1"]

1. Nf3 g6 2. c4 Bg7 3. g3 d6 4. Bg2 Nf6 5. 0-0 0-0 6. Nc3 Re8 7. Rb1 a5 8. a3 e5 9. d3 Qe7 10. b4 axb4 11. axb4 e4 12. Ne1 Bf5 13. Bg5 exd3 14. exd3 c6 15. Qb3 Nbd7 16. Ne4 Qe6 17. Nxf6+ Nxf6 18. Nf3 Qe2 19. Rfd1 Ra2 20. Be3 Ng4 21. Re1 Qc2 22. Qxc2 Rxc2 23. Nd4 Rc3 24. Nxf5 gxf5 25. Bf4 Re6 26. Ra1 Ra3 27. Rxa3 Rxe1+ 28. Bf1 Bd4 29. Ra2 Nxh2 30. Kxh2 Rxf1 31. Kg2 Rd1 32. Ra8+ Kg7 33. Rb8 Rxd3 34. Bxd6 Rd2 35. c5 Bxf2 36. Kf3 Be1 37. Rxb7 Rb2 38. Be5+ 1-0

[Event "Warsaw YMCA Winter 148th"]
[Site "Warsaw"]
[Date "2015.02.10"]
[Round "6"]
[White "Czuba, Pawel"]
[Black "Gajewski, Wojciech"]
[Result "0-1"]
[WhiteElo "1443"]
[BlackElo "1526"]
[PlyCount "142"]
[EventDate "2015.01.07"]
[EventType "tourn"]
[EventRounds "13"]
[EventCountry "POL"]
[SourceTitle "EXT 2019"]
[Source "ChessBase"]
[SourceDate "2018.10.10"]
[SourceVersion "1"]
[SourceVersionDate "2018.10.10"]
[SourceQuality "1"]

1. d4 Nf6 2. c4 g6 3. Nf3 d6 4. Bg5 Bg7 5. e3 0-0 6. Bd3 Qe8 7. Qc2 Nc6 8. a3 e5 9. Bxf6 Bxf6 10. d5 Ne7 11. Nc3 Bg7 12. e4 c6 13. Rc1 Bh6 14. Rb1 Bg4 15. Nd2 cxd5 16. h3 Be6 17. cxd5 Bd7 18. Nc4 Qb8 19. 0-0 f5 20. f3 b5 21. Nd2 Rc8 22. Kh1 a5 23. Qd1 Qb6 24. Qe2 b4 25. Nd1 Bxd2 26. Qxd2 f4 27. Qf2 Rc5 28. Qh4 Qd8 29. Nf2 Kg7 30. Ng4 Bxg4 31. Qxg4 Qc8 32. Qh4 Ra7 33. axb4 axb4 34. b3 Qc7 35. Bc4 Ra2 36. Ra1 Rca5 37. Rxa2 Rxa2 38. Rf2 Ra1+ 39. Kh2 h6 40. Qg4 Qa7 41. Rf1 Rxf1 42. Bxf1 Qc7 43. Bc4 Qc8 44. Qh4 g5 45. Qf2 Qc7 46. h4 Ng6 47. hxg5 hxg5 48. Qa2 Kf6 49. Qa4 Qc5 50. Qd7 Qb6 51. Qf5+ Kg7 52. Qxg5 Qf2 53. Qg4 Qh4+ 54. Qxh4 Nxh4 55. Kh3 Ng6 56. g3 Kf6 57. gxf4 exf4 58. Be2 Kg5 59. Kg2 Kf6 60. Kf2 Ke5 61. Kg2 Kd4 62. Kf2 Kc3 63. Bc4 Ne5 64. Be2 Kxb3 65. Bd1+ Kc3 66. Ke2 b3 67. Bxb3 Kxb3 68. Kf2 Kc3 69. Ke2 Kc2 70. Kf2 Kd2 71. Kg2 Ke3 0-1

[Event "Warsaw YMCA Winter 148th"]
[Site "Warsaw"]
[Date "2015.01.13"]
[Round "2"]
[White "Biernacki, Tomasz"]
[Black "Gajewski, Wojciech"]
[Result "0-1"]
[WhiteElo "1253"]
[BlackElo "1526"]
[PlyCount "60"]
[EventDate "2015.01.07"]
[EventType "tourn"]
[EventRounds "13"]
[EventCountry "POL"]
[SourceTitle "EXT 2019"]
[Source "ChessBase"]
[SourceDate "2018.10.10"]
[SourceVersion "1"]
[SourceVersionDate "2018.10.10"]
[SourceQuality "1"]

1. d4 Nf6 2. e3 g6 3. c4 Bg7 4. Nc3 0-0 5. Be2 d6 6. f4 Nfd7 7. Nf3 e5 8. 0-0 Nc6 9. f5 gxf5 10. dxe5 Ndxe5 11. Nxe5 Nxe5 12. Rf4 c6 13. Rd4 Be6 14. Rxd6 Qc7 15. c5 Nd7 16. e4 Nxc5 17. exf5 Bxf5 18. Bf4 Ne6 19. Rxe6 Qxf4 20. Re7 Qb4 21. Re3 Bd4 22. Qc1 Rfe8 23. Nd1 Rxe3 24. Nxe3 Re8 25. Qf1 Rxe3 26. Kh1 Bg6 27. Rd1 Qxb2 28. Bc4 c5 29. Rb1 Qxb1 30. Bxf7+ Kg7 0-1

[Event "Mazowiec-chT 1314"]
[Site "Poland"]
[Date "2014.02.02"]
[Round "6.4"]
[White "Gajewski, Wojciech"]
[Black "Kaminski, Lukasz"]
[Result "1-0"]
[WhiteElo "1524"]
[BlackElo "1390"]
[PlyCount "59"]
[EventDate "2014.01.12"]
[EventType "team-tourn"]
[EventRounds "10"]
[EventCountry "POL"]
[SourceTitle "EXT 2019"]
[Source "ChessBase"]
[SourceDate "2018.10.10"]
[SourceVersion "1"]
[SourceVersionDate "2018.10.10"]
[SourceQuality "1"]

1. g3 e5 2. Bg2 d5 3. d3 f5 4. Nf3 Nc6 5. 0-0 Nf6 6. c3 Be7 7. Qc2 0-0 8. Nfd2 e4 9. Nb3 b6 10. a4 a5 11. Na3 Bxa3 12. Rxa3 Bb7 13. Nd4 Nxd4 14. cxd4 Rc8 15. Rc3 Qd7 16. Bf4 c5 17. Rc1 cxd4 18. Rc7 Qe6 19. Qb3 Rxc7 20. Rxc7 Ba6 21. Qa3 exd3 22. Re7 Qc6 23. exd3 Rc8 24. Ra7 Bb7 25. Qe7 Nd7 26. Rxb7 Qxb7 27. Qe6+ Kh8 28. Bxd5 Qa7 29. Be5 Rf8 30. Qe7 1-0

[Event "Warsaw YMCA Spring 120th"]
[Site "Warsaw"]
[Date "2013.04.23"]
[Round "3"]
[White "Bartczak, Hanna"]
[Black "Gajewski, Wojciech"]
[Result "0-1"]
[WhiteElo "1562"]
[BlackElo "1500"]
[PlyCount "72"]
[EventDate "2013.04.09"]
[EventType "tourn"]
[EventRounds "11"]
[EventCountry "POL"]
[SourceTitle "EXT 2014"]
[Source "ChessBase"]
[SourceDate "2013.11.20"]
[SourceVersion "1"]
[SourceVersionDate "2013.11.20"]
[SourceQuality "1"]

1. d4 g6 2. c4 Bg7 3. Nc3 d6 4. e4 Nc6 5. Nf3 e5 6. d5 Nce7 7. Be2 Nf6 8. 0-0 0-0 9. Be3 Ng4 10. Bd2 f5 11. h3 Nf6 12. exf5 gxf5 13. Qc1 Kh8 14. Bh6 Rg8 15. Kh2 Qd7 16. Nh4 Qd8 17. Qg5 Qf8 18. Bxg7+ Rxg7 19. Qd2 a6 20. b4 Qf7 21. Rae1 Bd7 22. Bd1 Rag8 23. Rg1 Ne8 24. Ne2 Qf6 25. Nf3 Rg6 26. Ng3 Qf8 27. Nh4 Rh6 28. Nh5 Nf6 29. Nxf6 Qxf6 30. Nf3 Nc8 31. c5 e4 32. Nd4 Qe5+ 33. g3 f4 34. Ne6 e3 35. Qd4 Qxd4 36. Nxd4 exf2 0-1

[Event "Warsaw YMCA Spring 120th"]
[Site "Warsaw"]
[Date "2013.04.10"]
[Round "1"]
[White "Duda, Ryszard"]
[Black "Gajewski, Wojciech"]
[Result "1-0"]
[WhiteElo "1631"]
[BlackElo "1500"]
[PlyCount "55"]
[EventDate "2013.04.09"]
[EventType "tourn"]
[EventRounds "11"]
[EventCountry "POL"]
[SourceTitle "EXT 2014"]
[Source "ChessBase"]
[SourceDate "2013.11.20"]
[SourceVersion "1"]
[SourceVersionDate "2013.11.20"]
[SourceQuality "1"]

1. e4 g6 2. d4 Bg7 3. c4 d6 4. Nc3 e5 5. Be3 Nc6 6. d5 Nce7 7. Nf3 f5 8. exf5 gxf5 9. Bg5 a6 10. Be2 Bd7 11. Nh4 Rb8 12. Bh5+ Kf8 13. Qf3 Bf6 14. Bxf6 Nxf6 15. 0-0-0 Nxh5 16. Qxh5 Qe8 17. Qh6+ Kf7 18. Nf3 Ng6 19. h4 Qf8 20. Qg5 Qe7 21. h5 Nf8 22. Qd2 Rg8 23. g3 Bc8 24. Rde1 Nd7 25. Nd4 Qf8 26. Nxf5 Ke8 27. Nd4 Kd8 28. Ne6+ 1-0

[Event "Mazowiec-chT 1213"]
[Site "Poland"]
[Date "2013.01.20"]
[Round "4.18"]
[White "Gajewski, Wojciech"]
[Black "Pastuszko, Kinga"]
[Result "1/2-1/2"]
[WhiteElo "1486"]
[BlackElo "1945"]
[PlyCount "55"]
[EventDate "2013.01.13"]
[EventType "team-tourn"]
[EventRounds "10"]
[EventCountry "POL"]
[SourceTitle "EXT 2019"]
[Source "ChessBase"]
[SourceDate "2018.10.10"]
[SourceVersion "1"]
[SourceVersionDate "2018.10.10"]
[SourceQuality "1"]

1. d4 f5 2. c4 Nf6 3. g3 g6 4. Bg2 Bg7 5. Nc3 d6 6. e3 Nc6 7. Nge2 e5 8. 0-0 0-0 9. Rb1 Qe8 10. b4 g5 11. f4 gxf4 12. exf4 e4 13. d5 Nd8 14. h3 Qg6 15. Rb3 Bd7 16. a4 h5 17. Qe1 c6 18. Ba3 Be8 19. b5 c5 20. Nd1 b6 21. Bb2 Nb7 22. Bc3 Bd7 23. a5 Kh7 24. a6 Nd8 25. h4 Ng4 26. Bxg7 Qxg7 27. Bh3 Rg8 28. Ne3 1/2-1/2

[Event "Warsaw-ch opB 65th"]
[Site "Warsaw"]
[Date "2012.06.01"]
[Round "7"]
[White "Chylewski, Patryk"]
[Black "Gajewski, Wojciech"]
[Result "0-1"]
[WhiteElo "1539"]
[BlackElo "1483"]
[PlyCount "66"]
[EventDate "2012.05.26"]
[EventType "swiss"]
[EventRounds "9"]
[EventCountry "POL"]
[SourceTitle "EXT 2014"]
[Source "ChessBase"]
[SourceDate "2013.11.20"]
[SourceVersion "1"]
[SourceVersionDate "2013.11.20"]
[SourceQuality "1"]

1. d4 g6 2. c4 Bg7 3. Nc3 d6 4. e4 Nf6 5. f3 0-0 6. Be3 Nc6 7. Nge2 a6 8. Qd2 Rb8 9. d5 Ne5 10. Nd4 c5 11. dxc6 bxc6 12. f4 c5 13. fxe5 cxd4 14. Qxd4 Ng4 15. b3 Nxe3 16. Qxe3 Qa5 17. Qd2 Rxb3 18. axb3 Qxa1+ 19. Nd1 Qxe5 20. Bd3 Bb7 21. Nf2 f5 22. Qe2 fxe4 23. Bxe4 Rxf2 24. Kxf2 Qxe4 25. Qxe4 Bxe4 26. Rc1 Bd4+ 27. Kg3 e5 28. b4 Kf7 29. b5 axb5 30. cxb5 Bd3 31. Rc7+ Ke6 32. Rxh7 Bxb5 33. Rb7 Bd3 0-1

[Event "Warsaw YMCA Spring-D 104th"]
[Site "Warsaw"]
[Date "2012.04.10"]
[Round "1"]
[White "Gajewski, Wojciech"]
[Black "Skwarek, Hubert"]
[Result "1/2-1/2"]
[WhiteElo "1481"]
[BlackElo "1631"]
[PlyCount "59"]
[EventDate "2012.04.10"]
[EventType "tourn"]
[EventRounds "11"]
[EventCountry "POL"]
[SourceTitle "EXT 2013"]
[Source "ChessBase"]
[SourceDate "2012.11.22"]
[SourceVersion "1"]
[SourceVersionDate "2012.11.22"]
[SourceQuality "1"]

1. d4 Nf6 2. Nf3 g6 3. Bf4 Bg7 4. e3 d6 5. h3 0-0 6. Be2 c5 7. c3 cxd4 8. exd4 b6 9. 0-0 Ba6 10. Nbd2 Bxe2 11. Qxe2 Nbd7 12. Rfe1 Re8 13. Qa6 Qc8 14. Qxc8 Raxc8 15. Re2 e5 16. dxe5 dxe5 17. Bh2 e4 18. Ng5 Nc5 19. Bd6 Nd3 20. Ba3 e3 21. Rxe3 Rxe3 22. fxe3 Bh6 23. Ndf3 Re8 24. e4 Nxe4 25. Nxe4 Rxe4 26. Rd1 Be3+ 27. Kh2 Bf4+ 28. Kg1 Be3+ 29. Kh2 Bf4+ 30. Kg1 1/2-1/2

[Event "Mazowiec-chT 1112"]
[Site "Poland"]
[Date "2012.02.05"]
[Round "6.23"]
[White "Pajak, Jakub Lech"]
[Black "Gajewski, Wojciech"]
[Result "1-0"]
[WhiteElo "1693"]
[BlackElo "1481"]
[PlyCount "67"]
[EventDate "2012.01.08"]
[EventType "team-tourn"]
[EventRounds "10"]
[EventCountry "POL"]
[SourceTitle "EXT 2019"]
[Source "ChessBase"]
[SourceDate "2018.10.10"]
[SourceVersion "1"]
[SourceVersionDate "2018.10.10"]
[SourceQuality "1"]

1. c4 e5 2. g3 g6 3. Bg2 Bg7 4. Nc3 d6 5. Rb1 h6 6. Nf3 Nf6 7. d3 0-0 8. Bd2 Be6 9. Qc1 Kh7 10. b4 Qc8 11. h4 h5 12. Ng5+ Kg8 13. Nh3 Kh7 14. Ng5+ Kg8 15. Nce4 Nh7 16. Nxe6 fxe6 17. Bh6 d5 18. cxd5 exd5 19. Bxg7 Kxg7 20. Ng5 Nf6 21. Bh3 Ng4 22. Bxg4 hxg4 23. Qxc7+ Qxc7 24. Ne6+ Kh6 25. Nxc7 Na6 26. Nxa8 Rxa8 27. 0-0 d4 28. Rfc1 Rd8 29. b5 Nb8 30. Rc7 Nd7 31. Rxb7 Nb6 32. Rxa7 Nd5 33. b6 Rb8 34. b7 1-0

[Event "Mazowiec-chT 1112"]
[Site "Poland"]
[Date "2012.01.08"]
[Round "1.27"]
[White "Suliborski, Artur"]
[Black "Gajewski, Wojciech"]
[Result "1-0"]
[WhiteElo "1723"]
[BlackElo "1481"]
[PlyCount "119"]
[EventDate "2012.01.08"]
[EventType "team-tourn"]
[EventRounds "10"]
[EventCountry "POL"]
[SourceTitle "EXT 2019"]
[Source "ChessBase"]
[SourceDate "2018.10.10"]
[SourceVersion "1"]
[SourceVersionDate "2018.10.10"]
[SourceQuality "1"]

1. e4 c5 2. Nf3 g6 3. d4 cxd4 4. Nxd4 Bg7 5. Be3 Nc6 6. c4 Nf6 7. Nc3 0-0 8. Be2 d6 9. 0-0 Bd7 10. Qd2 Nxd4 11. Bxd4 Bc6 12. f3 a5 13. Rac1 Nd7 14. Rfd1 Bxd4+ 15. Qxd4 Nc5 16. e5 Ne6 17. Qe3 Qc7 18. exd6 exd6 19. Nd5 Bxd5 20. Rxd5 Nc5 21. Qd2 Rfd8 22. Rd1 Ra6 23. g3 Qb6 24. Kg2 Qb4 25. Qxb4 axb4 26. Rxc5 Rxa2 27. Rcd5 Rxb2 28. R1d2 Rb1 29. c5 b3 30. cxd6 Rc1 31. Bd1 Rc3 32. f4 Kg7 33. Rb5 Rc6 34. Bxb3 Rcxd6 35. Rxd6 Rxd6 36. Rxb7 Rf6 37. h4 h5 38. Kf3 Rf5 39. g4 hxg4+ 40. Kxg4 Rf6 41. Rc7 Rf5 42. h5 Rxh5 43. Rxf7+ Kh6 44. Bc2 Rh1 45. Kf3 Rg1 46. Ke4 Re1+ 47. Kd5 Re2 48. Be4 Rd2+ 49. Ke5 Rb2 50. Rf6 Rb5+ 51. Kd4 Rb4+ 52. Ke3 Rb3+ 53. Kf2 Rb4 54. Rxg6+ Kh5 55. Rg5+ Kh6 56. Ke3 Rb3+ 57. Kd4 Rb6 58. Rg1 Rb5 59. Bd5 Rb4+ 60. Ke5 1-0

[Event "Poznan op"]
[Site "Poznan"]
[Date "2012.??.??"]
[Round "1"]
[White "Gajewski, Wojciech"]
[Black "Rozumek, Krzysztof"]
[Result "0-1"]
[WhiteElo "1491"]
[BlackElo "1945"]
[PlyCount "69"]
[EventDate "2012.07.14"]
[EventType "swiss"]
[EventRounds "9"]
[EventCountry "POL"]
[SourceTitle "CBM 149 Extra"]
[Source "ChessBase"]
[SourceDate "2012.08.24"]
[SourceVersion "1"]
[SourceVersionDate "2012.08.24"]
[SourceQuality "1"]

1. Nf3 d5 2. d4 e6 3. e3 c5 4. c3 Nc6 5. Bb5 Bd7 6. Nbd2 Qc7 7. Qe2 Nf6 8. Bxc6 Bxc6 9. Ne5 Bd6 10. f4 a6 11. a4 0-0 12. 0-0 Nd7 13. Ndf3 f6 14. Nxc6 bxc6 15. e4 Rae8 16. e5 fxe5 17. fxe5 Be7 18. Bg5 Nb8 19. Be3 c4 20. Qc2 Nd7 21. Bg5 Qd8 22. h4 h6 23. Bxe7 Qxe7 24. g3 c5 25. Kg2 cxd4 26. cxd4 Rb8 27. Nd2 Rxf1 28. Kxf1 Qb4 29. Rb1 Nb6 30. Ra1 a5 31. Ke2 Rc8 32. Qg6 Qe7 33. Ra3 Qf7 34. Qg4 Qd7 35. Qg6 0-1

[Event "Poznan op"]
[Site "Poznan"]
[Date "2012.??.??"]
[Round "4"]
[White "Stoklosa, Stanislaw"]
[Black "Gajewski, Wojciech"]
[Result "0-1"]
[WhiteElo "1318"]
[BlackElo "1491"]
[PlyCount "40"]
[EventDate "2012.07.14"]
[EventType "swiss"]
[EventRounds "9"]
[EventCountry "POL"]
[SourceTitle "CBM 149 Extra"]
[Source "ChessBase"]
[SourceDate "2012.08.24"]
[SourceVersion "1"]
[SourceVersionDate "2012.08.24"]
[SourceQuality "1"]

1. e4 c5 2. c3 d5 3. exd5 Qxd5 4. d4 g6 5. Nf3 Bg7 6. Be2 Nc6 7. c4 Qd8 8. dxc5 Qa5+ 9. Nbd2 Qxc5 10. Rb1 Bf5 11. Ra1 Nf6 12. 0-0 0-0 13. Nb3 Qb6 14. Bd3 Rfd8 15. Ne1 Nb4 16. c5 Qc7 17. Qd2 Nxd3 18. Nxd3 Rxd3 19. Qd1 Rad8 20. Be3 Ng4 0-1

[Event "Warsaw YMCA 99th Autumn-D"]
[Site "Warsaw"]
[Date "2011.11.14"]
[Round "9"]
[White "Wilczynski, Adam"]
[Black "Gajewski, Wojciech"]
[Result "1-0"]
[WhiteElo "1680"]
[BlackElo "1486"]
[PlyCount "69"]
[EventDate "2011.09.19"]
[EventType "tourn"]
[EventRounds "13"]
[EventCountry "POL"]
[SourceTitle "EXT 2014"]
[Source "ChessBase"]
[SourceDate "2013.11.20"]
[SourceVersion "1"]
[SourceVersionDate "2013.11.20"]
[SourceQuality "1"]

1. c4 e5 2. g3 Nc6 3. Bg2 g6 4. Nc3 Bg7 5. e4 Nge7 6. Nge2 0-0 7. 0-0 d6 8. d3 f5 9. Bg5 h6 10. Be3 fxe4 11. dxe4 Be6 12. Nd5 Qd7 13. Qd2 Kh7 14. b4 Nd8 15. c5 Nxd5 16. exd5 Bh3 17. Rac1 Bxg2 18. Kxg2 Nf7 19. Nc3 b6 20. Ne4 Rad8 21. c6 Qe7 22. h4 h5 23. f3 Bh6 24. Bxh6 Nxh6 25. Ng5+ Kg7 26. Ne6+ Kh7 27. Qg5 Qxg5 28. Nxg5+ Kg8 29. Ne6 Rc8 30. Nxf8 Rxf8 31. Rc3 Kg7 32. Ra3 Nf5 33. Rf2 Ra8 34. Rd2 Ne3+ 35. Rxe3 1-0

[Event "Warsaw YMCA 99th Autumn-D"]
[Site "Warsaw"]
[Date "2011.11.07"]
[Round "8"]
[White "Gajewski, Wojciech"]
[Black "Rodak, Przemyslaw"]
[Result "1-0"]
[WhiteElo "1486"]
[BlackElo "1551"]
[PlyCount "83"]
[EventDate "2011.09.19"]
[EventType "tourn"]
[EventRounds "13"]
[EventCountry "POL"]
[SourceTitle "EXT 2014"]
[Source "ChessBase"]
[SourceDate "2013.11.20"]
[SourceVersion "1"]
[SourceVersionDate "2013.11.20"]
[SourceQuality "1"]

1. g3 d5 2. Bg2 Nf6 3. d3 Bf5 4. Nd2 e6 5. Ngf3 h6 6. 0-0 Bd6 7. Re1 Be7 8. e4 dxe4 9. Nh4 Bg4 10. f3 exf3 11. Nhxf3 Nc6 12. Nb3 0-0 13. c3 Bd6 14. Qc2 Ne7 15. c4 c6 16. Qc3 Nf5 17. Ne5 Qe7 18. a3 Bh5 19. Bh3 Bxe5 20. Qxe5 Nd6 21. Rf1 Bg6 22. Rf3 Kh7 23. Bd2 Rad8 24. Bc3 Nde8 25. Bb4 Nd6 26. Bc3 b6 27. Nd4 Rc8 28. Re1 c5 29. Ne2 Nde8 30. Nf4 Qc7 31. Qe3 Qd6 32. Be5 Qc6 33. Bc3 Bh5 34. Nxh5 Nxh5 35. g4 Nhf6 36. g5 hxg5 37. Rg3 Rd8 38. Qxg5 e5 39. Bf5+ Kg8 40. Rh3 g6 41. Rh6 Nh5 42. Rxh5 1-0

[Event "Warsaw YMCA 99th Autumn-D"]
[Site "Warsaw"]
[Date "2011.10.24"]
[Round "6"]
[White "Gajewski, Wojciech"]
[Black "Litner, Igor"]
[Result "1-0"]
[WhiteElo "1486"]
[BlackElo "1676"]
[PlyCount "75"]
[EventDate "2011.09.19"]
[EventType "tourn"]
[EventRounds "13"]
[EventCountry "POL"]
[SourceTitle "EXT 2014"]
[Source "ChessBase"]
[SourceDate "2013.11.20"]
[SourceVersion "1"]
[SourceVersionDate "2013.11.20"]
[SourceQuality "1"]

1. c4 c5 2. Nc3 Nf6 3. g3 Nc6 4. Bg2 g6 5. Nf3 Bg7 6. 0-0 0-0 7. Rb1 b6 8. d4 cxd4 9. Nxd4 Bb7 10. h3 Qc8 11. b3 Nxd4 12. Qxd4 Bxg2 13. Kxg2 Qb7+ 14. Kg1 Rfd8 15. Qd3 d5 16. Qf3 e6 17. Bg5 Ne4 18. Nxe4 dxe4 19. Qe3 f6 20. Bh6 Rd6 21. Rbd1 Rad8 22. Rxd6 Rxd6 23. c5 Bxh6 24. Qxh6 bxc5 25. Qe3 Qd5 26. Rc1 Rc6 27. Rc4 f5 28. Qc1 a5 29. a3 Rd6 30. Rxc5 Qxb3 31. Rc8+ Kg7 32. Qc7+ Kh6 33. Qxd6 Qb2 34. Rc7 Qxe2 35. Qf4+ g5 36. Qe3 Qd1+ 37. Kg2 Qd6 38. Qa7 1-0

[Event "POL-chT3 Mazowiecki"]
[Site "Warsaw"]
[Date "2011.01.09"]
[Round "1.35"]
[White "Gajewski, Wojciech"]
[Black "Grabara, Krzysztof"]
[Result "1/2-1/2"]
[WhiteElo "1447"]
[BlackElo "2000"]
[PlyCount "47"]
[EventDate "2011.01.09"]
[EventType "team-tourn"]
[EventRounds "10"]
[EventCountry "POL"]
[SourceTitle "EXT 2015"]
[Source "ChessBase"]
[SourceDate "2014.11.20"]
[SourceVersion "1"]
[SourceVersionDate "2014.11.20"]
[SourceQuality "1"]
[WhiteTeam "Otwock UKS MDK II"]
[BlackTeam "Zielonka Zieloni II"]
[WhiteTeamCountry "POL"]
[BlackTeamCountry "POL"]

1. d4 d5 2. Nf3 Nf6 3. Bf4 e6 4. e3 c5 5. c3 Be7 6. Be2 Qb6 7. Qb3 Qxb3 8. axb3 Nc6 9. Bb5 Bd7 10. h3 0-0 11. 0-0 Nxd4 12. Nxd4 cxd4 13. Bxd7 Nxd7 14. exd4 Rfc8 15. Nd2 Rc6 16. Ra2 f6 17. Rfa1 a6 18. b4 Rac8 19. Nb3 e5 20. Be3 Kf7 21. Ra5 Ke6 22. Kf1 Bd8 23. R5a2 e4 24. Nc5+ 1/2-1/2

[Event "Warsaw YMCA Autumn-D 81st"]
[Site "Warsaw"]
[Date "2010.12.14"]
[Round "12"]
[White "Gajewski, Wojciech"]
[Black "Dominiczak, Adrian"]
[Result "0-1"]
[WhiteElo "1518"]
[BlackElo "1708"]
[PlyCount "40"]
[EventDate "2010.09.21"]
[EventType "tourn"]
[EventRounds "13"]
[EventCountry "POL"]
[SourceTitle "EXT 2019"]
[Source "ChessBase"]
[SourceDate "2018.10.10"]
[SourceVersion "1"]
[SourceVersionDate "2018.10.10"]
[SourceQuality "1"]

1. Nf3 Nf6 2. g3 e6 3. d3 d5 4. Bg2 Be7 5. 0-0 0-0 6. Nbd2 Nbd7 7. Re1 b6 8. e4 dxe4 9. dxe4 Ba6 10. c4 e5 11. b3 Re8 12. Qc2 Bd6 13. Nf1 Bb7 14. Nh4 Nc5 15. Bg5 Ne6 16. Be3 c5 17. h3 Nd4 18. Bxd4 cxd4 19. Nf5 Bb4 20. Re2 d3 0-1

[Event "Warsaw YMCA Autumn-D 81st"]
[Site "Warsaw"]
[Date "2010.11.10"]
[Round "9"]
[White "Jarmolowski, Tadeusz"]
[Black "Gajewski, Wojciech"]
[Result "1-0"]
[WhiteElo "1721"]
[BlackElo "1518"]
[PlyCount "93"]
[EventDate "2010.09.21"]
[EventType "tourn"]
[EventRounds "13"]
[EventCountry "POL"]
[SourceTitle "EXT 2019"]
[Source "ChessBase"]
[SourceDate "2018.10.10"]
[SourceVersion "1"]
[SourceVersionDate "2018.10.10"]
[SourceQuality "1"]

1. e4 g6 2. d4 Bg7 3. f4 d5 4. e5 Nh6 5. Nf3 Bg4 6. Be3 Bxf3 7. Qxf3 c6 8. Bd3 e6 9. Bf2 Nd7 10. 0-0 0-0 11. Nd2 Rc8 12. g4 c5 13. c3 cxd4 14. cxd4 Kh8 15. Nb3 Rg8 16. Rac1 Qe7 17. Kh1 Nb6 18. Nc5 Rc7 19. Qh3 Rgc8 20. Be3 Nd7 21. f5 Ng8 22. f6 Ndxf6 23. exf6 Bxf6 24. Qg3 b6 25. Nb3 Rxc1 26. Rxc1 Rxc1+ 27. Nxc1 Qb4 28. Qf2 Kg7 29. g5 Bd8 30. a3 Qe7 31. Bf4 Bc7 32. Ne2 Bd8 33. h4 Qd7 34. h5 Kf8 35. hxg6 hxg6 36. Qh2 Be7 37. Nc3 Qc8 38. Bd6 Qd7 39. Bxe7+ Qxe7 40. Qf4 Kg7 41. Nb5 a6 42. Nd6 b5 43. a4 bxa4 44. Bxa6 Qf8 45. Bb5 Ne7 46. Qf6+ Kg8 47. Be8 1-0

[Event "Warsaw YMCA Autumn-D 81st"]
[Site "Warsaw"]
[Date "2010.11.09"]
[Round "7"]
[White "Woloszyn, Piotr"]
[Black "Gajewski, Wojciech"]
[Result "1/2-1/2"]
[WhiteElo "1750"]
[BlackElo "1518"]
[PlyCount "72"]
[EventDate "2010.09.21"]
[EventType "tourn"]
[EventRounds "13"]
[EventCountry "POL"]
[SourceTitle "EXT 2019"]
[Source "ChessBase"]
[SourceDate "2018.10.10"]
[SourceVersion "1"]
[SourceVersionDate "2018.10.10"]
[SourceQuality "1"]

1. c4 g6 2. g3 Bg7 3. Bg2 d6 4. d4 Nf6 5. Nf3 0-0 6. 0-0 Nbd7 7. Nc3 Re8 8. e4 e5 9. d5 a5 10. Re1 Nc5 11. a4 Bd7 12. Qc2 Na6 13. Nb5 Nb4 14. Qb3 b6 15. Bd2 Na6 16. Qc2 Nc5 17. Nc3 Rf8 18. Be3 Ng4 19. Bxc5 bxc5 20. h3 Nh6 21. g4 f6 22. Ne2 Nf7 23. Ng3 Bh6 24. Nh2 Rb8 25. Qc3 Rb4 26. b3 Qb8 27. Ra3 Qb6 28. Ne2 Ra8 29. Nc1 Qb8 30. h4 Qf8 31. Bh3 Bg7 32. Kh1 Nh6 33. Qg3 g5 34. Re3 Nf7 35. Nf3 h6 36. h5 Qe7 1/2-1/2